000 00413nam a2200181Ia 4500
005 20240823035346.0
008 240823s9999||||xx |||||||||||||| ||und||
020 _a978-00-99520481
041 _aENGLISH
082 _A869.342 Q0
100 _aJose Saramago
245 0 _aSmall Memories
250 _a1st
260 _c2010
_bVintage
500 _aYES
650 _aSmall Memories
_bGeneral
942 _cBK
999 _c200496
_d200496